| 000 | 00718cam a22002413a 4500 | ||
|---|---|---|---|
| 001 | 10316 | ||
| 003 | PGUSA | ||
| 005 | 20140828083222.0 | ||
| 008 | 031101s2003||||xxu|||||s|||||000 1 eng d | ||
| 040 |
_aPGUSA _beng |
||
| 042 | _adc | ||
| 050 | 4 | _aPZ | |
| 100 | 1 |
_aFitzhugh, Percy Keese, _d1876-1950 |
|
| 245 | 1 | 0 |
_aRoy Blakeley's Adventures in Camp _h[electronic resource] / _cPercy Keese Fitzhugh |
| 260 |
_bProject Gutenberg, _c2003 |
||
| 506 | _aPublic domain in the USA. | ||
| 516 | _aElectronic text | ||
| 653 | _aBoy Scouts of America -- Juvenile fiction | ||
| 653 | _aCamping -- Juvenile fiction | ||
| 830 | 0 |
_aProject Gutenberg _v10316 |
|
| 856 | 4 | 0 | _uhttp://www.gutenberg.org/ebooks/10316 |
| 942 | _cEB | ||
| 999 |
_c239571 _d239571 |
||